000 00499 a2200169 4500
005 20250606082711.0
020 _a0-324-25872-0
082 _aTEA LECT 658.15 BRI
100 _aBRIGHAM, E. F.
245 _aFundamentals of Financial Management.
250 _a4th Ed
260 _aAustralia,
_bThomson,
_c2004.
300 _axxxi, 727p.: ill.; figure, picture, table
_bIndex
_c26cm.
700 _aHOUSTON, J. L.
856 _yAccess Online Book
_fFinancial
_dhtt://www.swcollege.com
942 _2ddc
_cBKS
999 _c3278
_d3278